书目信息 |
| 题名: |
中文工具书基础
|
|
| 作者: | 朱天俊 , 李国新 编著 | |
| 分册: | ||
| 出版信息: | 北京 北京图书馆出版社 1998.09 |
|
| 页数: | 431页 | |
| 开本: | 21cm | |
| 丛书名: | ||
| 单 册: | ||
| 中图分类: | G252.7-43 | |
| 科图分类: | ||
| 主题词: | 中文--zhong wen--工具书--教材 | |
| 电子资源: | ||
| ISBN: | 7-5013-1496-9 | |
| 000 | 00791nam0 2200241 450 | |
| 001 | 010254000871 | |
| 005 | 20050830212633.00 | |
| 010 | @a7-5013-1496-9@dCNY19.80 | |
| 100 | @a20050808d1998 km y0chiy0120 ea | |
| 101 | 0 | @achi |
| 102 | @aCN@b110000 | |
| 105 | @ay z 001yy | |
| 200 | 1 | @a中文工具书基础@Azhong wen gong ju shu ji chu@f朱天俊, 李国新编著@Fzhu tian jun,li guo xin bian zhu |
| 210 | @a北京@c北京图书馆出版社@d1998.09 | |
| 215 | @a431页@d21cm | |
| 320 | @a有索引(第424-431页)。 | |
| 330 | @a本书内容:工具书及其概述、查考汉语字词、查考篇目文句等十一章。 | |
| 606 | 0 | @a中文@Azhong wen@x工具书@x教材 |
| 690 | @aG252.7-43@v4 | |
| 701 | 0 | @a朱天俊@Azhu tian jun@4编著 |
| 701 | 0 | @a李国新@Ali guo xin@4编著 |
| 801 | 0 | @aCN@bQSSK@c20050830 |
| 905 | @a10447@dG252.7-43@eZ872 | |
| 中文工具书基础/朱天俊, 李国新编著.-北京:北京图书馆出版社,1998.09 |
| 431页;21cm |
| ISBN 7-5013-1496-9:CNY19.80 |
| 本书内容:工具书及其概述、查考汉语字词、查考篇目文句等十一章。 |
| ● |
| 相关链接 |
|
|
|
正题名:中文工具书基础
索取号:G252.7-43/Z872
 
预约/预借
| 序号 | 登录号 | 条形码 | 馆藏地/架位号 | 状态 | 备注 |
| 1 | 565366 | 205653666 | 社科二线422/422社科库 33排4列2层/ [索取号:G252.7-43/Z872] | 在馆 | |
| 2 | 565367 | 205653675 | 社科二线422/409社科库 59排5列2层/ [索取号:G252.7-43/Z872] | 在馆 | |
| 3 | 565368 | 205653684 | 社科库409/409社科库 59排5列1层/ [索取号:G252.7-43/Z872] | 在馆 |